000 00963nam a22002537a 4500
005 20170124103008.0
010 _aA-579365
020 _c60.00
035 _aA-579365
037 _bCen Lib/Ret
040 _aDPL
_bHN
082 _a
_bउषागो
100 _aउषा गोपाल
_956821
245 _aधुएं का ताजमहल /
_cउषा गोपाल
246 _aDhuein ka tajmahal /
_bby Usha Gopal
260 _aनई दिल्ली
_bउषा प्रकाशन
_c1990
270 _a10, प्रसाद नगर
_bनई दिल्ली
_e110035
300 _a103पृ.
_c17सेमी (सजिल्द)
650 _aहिंदी साहित्य
_956822
650 _aहिंदी साहित्य --कहानियां
_942761
650 _aHindi literature
_956823
650 _aHindi literature--Stories
_956824
942 _2ddc
_cHN
_h
_mउषागो
999 _c114436
_d114436